Chegada (As Crónicas da Invasão-Livro Dois)

Saved in:
Bibliographic Details
Main Author Morgan, Rice
Format Electronic eBook
LanguageCzech
Published Lukeman Literary 2018
Edition1. elektronické vydání
Subjects
Online AccessDostupné v BOOKPORT po přihlášení pomocí eduID
ISBN9781640296855
9781640296850
Physical Description1 online zdroj (250 stran)

Cover

LEADER 00000nam a2200000 i 4500
001 bkp766960018
003 CZ-prgp
005 20210922093520.0
006 m o d
007 cr cn
008 210922s2018 xr o 000 1 cze
020 |a 9781640296855  |c 104 Kč  |q (online ; epub) 
020 |a 9781640296850  |c 104 Kč  |q (print) 
040 |a Grada  |b cze  |e rda 
100 1 |a Morgan, Rice 
245 1 0 |a Chegada (As Crónicas da Invasão-Livro Dois)  |c Rice Morgan 
250 |a 1. elektronické vydání 
264 1 |b Lukeman Literary  |c 2018 
300 |a 1 online zdroj (250 stran) 
336 |a text  |b txt  |2 rdacontent 
337 |a počítač  |b c  |2 rdamedia 
338 |a online zdroj  |b cr  |2 rdacarrier 
520 3 |a Da autora de fantasia bestselling nº1 do mundo inteiro chega uma nova série de ficção científica há muito esperada. SETI recebeu um sinal de uma civilização alienígena. Há tempo para salvar o mundo? "Um grande enredo, o tipo de livro que você terá problemas para parar de ler à noite. O suspense do final é tão espetacular que você vai imediatamente querer comprar o livro seguinte só para ver o que acontece." -The Dallas Examiner (referente a Amada) "Outra série brilhante, mergulhando-nos numa fantasia de honra, coragem, magia e fé no seu destino... Recomendado para a biblioteca permanente de todos os leitores que adoram uma fantasia bem escrita." -Books and Movie Reviews, Roberto Mattos (referente a Ascenção dos Dragões) "Uma leitura rápida e fácil... você tem de ler o que acontece a seguir e não quer parar." -FantasyOnline.net (referente a Uma Busca de Heróis) No rescaldo do SETI receber o sinal, Kevin, de 13 anos, percebe: ele é o único que pode salvar o mundo. Mas há tempo? O que é que ele deve fazer? E o que é que os alienígenas planeam a seguir? "Repleta de ação... A escrita de Rice é sólida e a premissa intrigante." --Publishers Weekly (referente a Uma Busca de Heróis) "Uma fantasia superior... Um vencedor recomendado para quem gosta de escrita de fantasia épica impulsionada por poderosos e credíveis protagonistas jovens adultos." -Midwest Book Review (referente a Ascensão dos Dragões) "Uma fantasia repleta de ação que irá certamente agradar aos fãs das histórias anteriores de Morgan rice, juntamente com os fãs de trabalhos tais como O CICLO DA HERANÇA de Christopher Paolini...Os fãs de ficção para jovens adultos irão devorar este último trabalho de Rice e suplicar por mais." --The Wanderer, A Literary Journal (referente a Ascensão dos Dragões) O livro #3 da série estará disponível brevemente. Também estão disponíveis muitas séries de Morgan Rice do género de fantasia, incluindo UMA BUSCA DE HERÓIS (LIVRO #1 da série o ANEL DO FEITICEIRO), um download gratuito com mais de 1.300 avaliações com 5 estrelas! 
650 0 4 |a Young Adult, New Adult 
856 4 0 |u https://www.bookport.cz/AccountSaml/SignIn/?idp=https://shibboleth.utb.cz/idp/shibboleth&returnUrl=/kniha/chegada-as-cronicas-da-invasao-livro-dois-9475/  |y Dostupné v BOOKPORT po přihlášení pomocí eduID